| 000 -LEADER | |
|---|---|
| fixed length control field | 00446nam a22001577a 4500 |
| 005 - DATE AND TIME OF LATEST TRANSACTION | |
| control field | 20230116095846.0 |
| 008 - FIXED-LENGTH DATA ELEMENTS--GENERAL INFORMATION | |
| fixed length control field | 220210b ||||| |||| 00| 0 eng d |
| 020 ## - INTERNATIONAL STANDARD BOOK NUMBER | |
| ISBN | 978-93-86353-54-2 |
| 041 ## - LANGUAGE CODE | |
| Language code of text/sound track or separate title | eng |
| 100 ## - MAIN ENTRY--AUTHOR NAME | |
| Personal name | OSWAL, DR.RAJESH J. AND ANTRE, MR.RISHIKESH V. |
| 245 ## - TITLE STATEMENT | |
| Title | A BOOK OF COMMUNICATION AND SOFT SKILL DEVELOPMENT |
| 260 ## - PUBLICATION, DISTRIBUTION, ETC. (IMPRINT) | |
| Place of publication | PUNE |
| Name of publisher | NIRALI PRAKASHAN |
| 300 ## - PHYSICAL DESCRIPTION | |
| Number of Pages | 10.24 |
| 650 ## - SUBJECT ADDED ENTRY--TOPICAL TERM | |
| Topical Term | PHARMACY |
| General subdivision | B.PHARMA |
| 942 ## - ADDED ENTRY ELEMENTS (KOHA) | |
| Koha item type | Books |
| Lost status | Damaged status | Collection code | Home library | Current library | Shelving location | Date acquired | Source of acquisition | Cost, normal purchase price | Accession Number | Koha item type |
|---|---|---|---|---|---|---|---|---|---|---|
| LIFE SKILL | JRU Library | SHELF-102-D | 10/02/2022 | PURCHASE | 215.00 | 26190 | Books | |||
| LIFE SKILL | JRU Library | SHELF-102-D | 10/02/2022 | PURCHASE | 215.00 | 26191 | Books | |||
| LIFE SKILL | JRU Library | JRU Library | SHELF-102-D | 10/02/2022 | PURCHASE | 215.00 | 26192 | Books |